000 00743cam a22002291 4500
001 ss 49000002
003 DLC
005 20260227112751.0
008 890630s1948 dcu f000 0 eng c
010 _ass 49000002
035 _a(OCoLC)19955562
040 _aU.S. Social Security Administration. Library
_cMiDW
_dDLC
042 _apremarc
050 0 0 _aHV85
_b.A375 no. 15
082 _a361.6
100 1 _aEpler, Elizabeth G.,
_d1912-
245 1 0 _aSources of revenue for the state share of public assistance 1939-47.
260 _a[Washington,
_bU.S. Govt. Print. Off.,
_c1948]
300 _a24 p.
_c23 cm.
410 1 0 _aU.S. Bureau of Public Assistance.
_tPublic Assistance report
_vno. 15
650 0 _aPublic welfare
_zUnited States.
999 _c90914
_d90914